Els Departaments de govern de la Generalitat de Catalunya : competències, estructura política i administrativa : Suplement competències, estructura política i administrativa :
Descripción Física:
71 p. ; 20'5 cm
Materias:
Catalunya. -- Generalitat
MARC
| LEADER | 00000nam a2200000Ia 4500 | ||
|---|---|---|---|
| 001 | 1137 | ||
| 008 | 160829s1980 xx 000 0 cat d | ||
| 080 | |a M-3-386 | ||
| 110 | 1 | |a Catalunya. |b Generalitat |9 12125 | |
| 245 | |a Els Departaments de govern de la Generalitat de Catalunya : |b competències, estructura política i administrativa : |b Suplement | ||
| 260 | |a Barcelona : |b Servei Central de Publicacions de la Generalitat de Catalunya, |c 1980 | ||
| 300 | |a 71 p. ; |c 20'5 cm | ||
| 610 | 1 | 0 | |a Catalunya. |b Generalitat |9 12125 |
| 901 | |a Arxiu | ||
| 942 | |n 1 | ||
| 952 | |0 0 |1 0 |4 0 |6 M3386 |7 1 |9 42601 |a Arxiu |b Arxiu |d 2016-12-01 |l 0 |o M-3-386 |p 1137 |r 2016-12-01 00:00:00 |w 2016-12-01 |y ARXIU | ||
| 999 | |c 45106 |d 45106 | ||